[Event "Schaffhausen op"]
[Site "Schaffhausen"]
[Date "2024.01.13"]
[Round "3"]
[White "Matei, Robert"]
[Black "Mattes, Sam"]
[Result "1-0"]
[WhiteElo "1816"]
[BlackElo "1468"]
[PlyCount "71"]
[EventDate "2024.01.12"]
[EventType "swiss"]
[EventRounds "5"]
[EventCountry "SUI"]
[SourceTitle "CB04_2024"]
[SourceDate "2023.10.16"]
[SourceVersion "1"]
[SourceVersionDate "2023.10.16"]
[SourceQuality "1"]

1. c4 c5 2. g3 Nc6 3. Bg2 b6 4. Nc3 Bb7 5. Nf3 Nf6 6. d3 d5 7. cxd5 Nxd5 8. 0-0 e5 9. Ne1 Nf6 10. b3 a6 11. Bb2 Bd6 12. Nc2 Qc7 13. Ne3 Nd4 14. Ne4 Nxe4 15. dxe4 g5 16. Nd5 Bxd5 17. exd5 h5 18. e3 Nf5 19. Qd3 Qd7 20. f4 gxf4 21. exf4 c4 22. Qe4 Bc5+ 23. Kh1 f6 24. fxe5 Ne3 25. Rxf6 Ng4 26. Re6+ Kd8 27. Bd4 Qf7 28. Bxc5 bxc5 29. Qf3 Nf2+ 30. Kg1 Nh3+ 31. Kf1 Qxf3+ 32. Bxf3 Rf8 33. Ke2 Ng5 34. Rd6+ Ke7 35. Rf6 cxb3 36. d6+ 1-0

[Event "Schaffhausen op"]
[Site "Schaffhausen"]
[Date "2024.01.12"]
[Round "1"]
[White "Dikich, Andreas"]
[Black "Mattes, Sam"]
[Result "0-1"]
[WhiteElo "1861"]
[BlackElo "1468"]
[PlyCount "78"]
[EventDate "2024.01.12"]
[EventType "swiss"]
[EventRounds "5"]
[EventCountry "SUI"]
[SourceTitle "CB04_2024"]
[SourceDate "2023.10.16"]
[SourceVersion "1"]
[SourceVersionDate "2023.10.16"]
[SourceQuality "1"]

1. d4 d5 2. Bf4 Nf6 3. e3 Bf5 4. c4 e6 5. Nc3 Bd6 6. Bg3 Ne4 7. Nxe4 Bxe4 8. c5 Bxg3 9. hxg3 c6 10. Nf3 Bxf3 11. gxf3 Qa5+ 12. Qd2 Qxd2+ 13. Kxd2 Nd7 14. Bd3 h6 15. f4 b6 16. cxb6 axb6 17. Rhc1 c5 18. Bb5 Rc8 19. Rc3 Ke7 20. Rac1 Nf6 21. Bd3 c4 22. b3 b5 23. bxc4 dxc4 24. Bb1 Nd5 25. R3c2 h5 26. e4 Nf6 27. f3 h4 28. g4 Ra8 29. Ke3 Ra3+ 30. Rc3 Rxc3+ 31. Rxc3 Nd7 32. Rc1 Nb6 33. g5 Na4 34. Bc2 Nc3 35. Kd2 Nxa2 36. Rh1 b4 37. Bb1 b3 38. Bxa2 bxa2 39. Ra1 h3 0-1